Rammstein Members - Statistics

General Stats
  • This quiz has been taken 169 times
  • The average score is 6 of 6
Answer Stats
Instrument Member % Correct
Vocal Till Lindemann
100%
Lead Guitar Richard Kruspe
97%
Keyboard Christian Lorenz
93%
Rhytm Guitar Paul Landers
93%
Drums Christoph Schneider
92%
Bass Oliver Riedel
92%
No matching quizzes found
Score Distribution
Percent of People with Each Score
Percentile by Number Answered
Your Score History
You have not taken this quiz